LEADER 01043nam a2200289 u 4500 001 000000038531 003 CaOOAMICUS 005 20070226113904.0 008 980424s1990 it u000 u ita u 020 $a8814022224 035 $a10792151 040 $aPUL(R)$bita 100 1 $aTalamanca, Mario.$0(OLS)http://pul/name/4682 245 10$aIstituzioni di diritto romano /$cMario Talamanca. 260 $aMilano :$bGiuffrè,$c1990. 300 $aviii, 829 p. ;$c25 cm 500 $aContiene indice. 650 4$aDiritto romano.$0(OLS)http://pul/subject/382 850 $aPUL 852 $aPUL$W1$xSL Diritto e Scienze Sociali 1$y4$m183 B 75$j52474$nBK-PRI$b $qStampati$B52474$CPULBib$Z2$F52474 $H $81 941 1 $a8 960 $aRoman law$9382 960 $aRoman law$9382 961 $aINV: 70023 996 $6020$a8814022224$9(OLS)http://pul/number/48025 996 $6245$aIstituzioni di diritto romano$9(OLS)http://pul/title/465 996 $6260$aMilano :$bGiuffrè$9(OLS)http://pul/publisher/48401 LEADER 01558nam a2200301 a 4500 001 000000121185 003 CaOOAMICUS 005 20100413143211.0 008 100413t2007 it a u000 u ita r 020 $a978-88-6227-097-7 040 $aPUL$bita$dReb 082 04$a520.9 100 1 $aTessicini, Dario.$0(OLS)http://pul/name/75886 245 12$aI dintorni dell'infinito :$bGiordano Bruno e l'astronomia del Cinquecento /$cDario Tessicini. 260 $aPisa ; Roma :$bFabrizio Serra editore,$c©2007. 300 $a205 p. :$bill. ;$c25 cm. 490 1 $aBruniana & Campanelliana$aRicerche filosofiche e materiali storico-testuali$aSupplementi, XX$aStudi ;$v9 504 $aInclude riferimenti bibliografici ed indice. 600 14$aBruno, Giordano,$d1548-1600$xAstronomia.$0(OLS)http://pul/subject/36719 650 4$aAstronomia$ySec. XVI.$0(OLS)http://pul/subject/35405 830 0$aBruniana & Campanelliana$pRicerche filosofiche e materiali storico-testuali$pSupplementi, XX$pStudi ;$v9.$0(OLS)http://pul/title/152411 850 $aPUL 852 $aPUL$W1$xSL Cons. Gen., Altre Classi 3$y75$m520. 9 TESDA 1$j138950$qDDC 21$B138189$CPULBib$Z2$F138189 $H113276 $82 941 1 $a9 996 $6020$a978-88-6227-097-7$9(OLS)http://pul/number/143840 996 $6082$a520.9$9(OLS)http://pul/classification/415 996 $6245$aI dintorni dell'infinito :$bGiordano Bruno e l'astronomia del Cinquecento$9(OLS)http://pul/title/152412 996 $6260$aPisa ; Roma :$bFabrizio Serra editore$9(OLS)http://pul/publisher/79401